000 00292 a2200121 4500
001 75702
040 _cAnchieta - Colégio São Paulo
100 _aAzevedo, Ricardo
240 1 0 _aO peixe que pode cantar
_lpor
245 1 0 _aO peixe que pode cantar
650 4 _aLiteratura juvenil
942 _cBK
999 _c75702
_d75702